Normal view
MARC view
- 1.Computers.2.Telecommunication. 3.User interfaces (Computer systems)
Entry Topical Term
001 - CONTROL NUMBER
- control field: 3691
003 - CONTROL NUMBER IDENTIFIER
- control field: NUST
005 - DATE AND TIME OF LATEST TRANSACTION
- control field: 20170731140630.0
008 - FIXED-LENGTH DATA ELEMENTS
- fixed length control field: 170731|| aca||aabn | a|a d
040 ## - CATALOGING SOURCE
- Original cataloging agency: NUST
- Transcribing agency: NUST
150 ## - HEADING--TOPICAL TERM
- Topical term or geographic name entry element: 1.Computers.2.Telecommunication. 3.User interfaces (Computer systems)
670 ## - SOURCE DATA FOUND
- Source citation: Work cat.: (NUST)0: Bryant, Randal E. 3690, Computer systems: A Programmer's perspective /, 2016
